01905nam a2200241 i 4500001001900000003000600019005001700025008004100042020001800083040002700101041000800128100003500136245004900171264004400220300004500264490002200309520114700331655002701478700003501505942000801540952010001548999001501648991025489518607026UkOxU20250616133011.0240220s2024 enkab 000 1 eng d a9781526628237 aUkOxUbengerdacUkOxU aeng aMaas, Sarah J.eauthor.92293310aHouse of flame and shadow c/ Sarah J. Maas. 1aLondon :bBloomsbury Publishing,c2024. a834 pages :billustrations, map ;c25 cm aCrescent City ; 3 aThe stunning third book in the sexy, action-packed Crescent City series, following the global bestsellers House of Earth and Blood and House of Sky and Breath. Bryce Quinlan never expected to see a world other than Midgard, but now that she has, all she wants is to get back. Everything she loves is in Midgard: her family, her friends, her mate. Stranded in a strange new world, she's going to need all her wits about her to get home again. And that's no easy feat when she has no idea who to trust. Hunt Athalar has found himself in some deep holes in his life, but this one might be the deepest of all. After a few brief months with everything he ever wanted, he's in the Asteri's dungeons again, stripped of his freedom and without a clue as to Bryce's fate. He's desperate to help her, but until he can escape the Asteri's leash, his hands are quite literally tied. In this sexy, breathtaking sequel to the #1 bestsellers House of Earth and Blood and House of Sky and Breath, Sarah J. Maas's Crescent City series reaches new heights as Bryce and Hunt's world is brought to the brink of collapse-with its future resting on their shoulders 0aFantasy fiction922510 aMaas, Sarah J.tCrescent City. 2lcc 00102lcc4070aTBSbTBSd2025-06-16l0oP-EN MAA (III) pB05842r2025-06-16t1w2025-06-16y1 c4743d4743